| 000 | 01517nam a2200421 c 4500 | ||
|---|---|---|---|
| 001 | 53597 | ||
| 003 | ES-MaCES | ||
| 005 | 20250224125637.0 | ||
| 007 | cr ||||||||||| | ||
| 008 | 250224s2025 sp r 000 | spa d | ||
| 017 |
_aM 8692–2013 _bDL |
||
| 040 |
_aES-MaCES _bspa _cES-MaCES |
||
| 245 | 0 | 0 |
_aEspaña en el mundo en 2025 _hRecurso electrónico _b: perspectivas y desafíos _cIgnacio Molina y Pablo del Amo (coords.) |
| 260 |
_aMadrid _bReal Instituto Elcano _c2025 |
||
| 300 |
_a1 documento pdf _c(1,32 mb) |
||
| 490 | 1 | _aElcano Policy Paper | |
| 541 | _cGratuito | ||
| 650 | 4 |
_aglobalización económica _930653 |
|
| 650 | 4 |
_acambio climático _930961 |
|
| 650 | 4 |
_apolítica exterior _926687 |
|
| 650 | 4 |
_apolítica de defensa _926692 |
|
| 650 | 4 |
_arelaciones internacionales _926675 |
|
| 650 | 4 |
_arelaciones económicas _926673 |
|
| 650 | 4 |
_arelaciones comerciales _927965 |
|
| 650 | 4 |
_aEspaña _926964 |
|
| 650 | 4 |
_apapel de España _929138 |
|
| 650 | 4 |
_a2025 _931384 |
|
| 650 | 4 |
_ainforme _928986 |
|
| 653 | 1 | 0 | _aCiencias Sociales-Políticas |
| 700 | 1 |
_aMolina, Ignacio _935509 _ecol. |
|
| 700 | 1 |
_aAmo, Pablo del _941308 _ecol. |
|
| 710 | 2 |
_aReal Instituto Elcano de Estudios Internacionales y Estratégicos _eed. _94872 |
|
| 787 | 0 |
_tEspaña en el mundo en 2024 _w(ES-MaCES)53180 |
|
| 830 |
_aElcano Policy Paper _940344 |
||
| 856 | 4 |
_uhttp://biblioteca.ces.es/repintra/B53597.pdf _ytexto completo _z[intranet] |
|
| 902 | _aELE PUB. ELECTRONICA | ||
| 942 |
_2CES _cBK _h7.0. |
||
| 999 |
_c53597 _d53597 |
||